000 02531cam a22005174i 4500
003 PE-LiUPU
005 20250731173347.0
008 150706s r 000 0 d
020 _a8470202987
035 _a(Sirsi) i9788470202988
040 _aPE-LiUPU
_bspa
_cPE-LiUPU
_erda
049 _aPRUA
082 0 4 _a232
_bL83
_221
100 1 _aLópez Amat, Alfredo,
_eautor.
245 1 0 _aJesús el ungido :
_bcristología /
_cAlfredo López Amat.
264 1 _aMadrid :
_bSociedad de Educación Atenas,
_c1991 .
300 _a274 páginas ;
_c21 centímetros
336 _atext
_2rdacontent
337 _aunmediated
_2rdamedia
338 _avolume
_2rdacarrier
490 0 _aSíntesis 2/4
504 _aInckuye bibliografía.
505 0 _aCristología bíblica -- El mesías o ungido en el antiguo testamento -- Jesús el Cristo o ungido en el nuevo testamento -- Cristología patrístico-Dogmatica -- Cristología del siglo II, III, IV -- Cristología del siglo V: La gran controversia -- Cristología de los siglos VI-VII: Concilio de Constantinopla III -- Cristología Sistemática -- El primer estadio del ministerio de Cristo: De la encarnación del logos a la muerte de Jesús -- El segundo estadio del ministerio de Cristo: de la resurrección de Jesús a la eternidad -- El ministerio de Cristo en le unidad totalidad -- El ministerio de Cristo en sus funciones salvíficas -- El ministerio de Cristo en su dimensión trinitaria.
526 _aSEG42
526 _aSEG41
526 _aSEG40
526 _aSEG39
526 _aP94
526 _aP87
526 _aP86
526 _aP85
526 _aP77
526 _aP76
526 _aP35
541 _g007-0020481;
650 0 4 _aCristología.
910 _agl
_bjv
_cng
_d20091222
942 _2ddc
_cBOOK
949 _a232 L83
_wDEWEY
_c1
_i60888
_lCCODEBUL1
_mBUL
_p18.00
_r0
_sY
_tBOOK
_u2015-7-6
_xTEOLOGIA
_zUNKNOWN
_0COMPRA
_o.STAFF. Colección General
949 _a232 L83
_wDEWEY
_c2
_i37187
_lCCODEBUL1
_mBUL
_r0
_sY
_tBOOK
_u2015-7-6
_xTEOLOGIA
_zUNKNOWN
_0COMPRA
_o.STAFF. Colección General
994 _aC0
_bPEPRU
596 _a1
999 _a232 L83
_wDEWEY
_c50247
_i60888
_f2021-11-10
_g5
_lCCODEBUL1
_mBUL
_p18.00
_r0
_sY
_tBOOK
_u2015-7-6
_xTEOLOGIA
_zUNKNOWN
_0COMPRA
_o.STAFF. Colección General
_d50247
999 _a232 L83
_wDEWEY
_c2
_i37187
_f2021-11-10
_g5
_lCCODEBUL1
_mBUL
_r0
_sY
_tBOOK
_u2015-7-6
_xTEOLOGIA
_zUNKNOWN
_0COMPRA
_o.STAFF. Colección General
980 _81
_gALBERTO SANCHEZ Responsable de Automatización